000 00322 a2200133 4500
001 151092
040 _cEscola São Tomás de Aquino
100 _aGALDINO, Luiz
240 1 0 _aQuando vovô virou borboleta
_lpor
245 1 0 _aQuando vovô virou borboleta
362 0 _a2003
697 _a*LITERATURA INFANTO
942 _cBK
999 _c151092
_d151092